[Event "COL-ch U16 sf1"]
[Site "Riohacha"]
[Date "2018.03.10"]
[Round "6.10"]
[White "Rico Velasco, Juliana Sofia"]
[Black "Vallejo Pacheco, Dwiawingumu Andres"]
[Result "1-0"]
[WhiteElo "1077"]
[BlackElo "1500"]
[PlyCount "43"]
[EventDate "2018.03.07"]
[EventType "swiss"]
[EventRounds "6"]
[EventCountry "COL"]
[SourceTitle "EXT 2024"]
[Source "ChessBase"]
[SourceDate "2023.10.10"]
[SourceVersion "1"]
[SourceVersionDate "2023.10.10"]
[SourceQuality "1"]

1. e4 e5 2. Nf3 Nc6 3. Bb5 Nf6 4. 0-0 Nxe4 5. Re1 d5 6. d3 Bb4 7. c3 Nd6 8. Bxc6+ bxc6 9. cxb4 e4 10. dxe4 dxe4 11. Nd4 Bd7 12. Nc3 0-0 13. Nxe4 f5 14. Qb3+ Rf7 15. Ng5 h6 16. Nxf7 Nxf7 17. Rd1 Rb8 18. Nxc6 Be6 19. Rxd8+ Nxd8 20. Nxd8 Rxd8 21. Qxe6+ Kf8 22. Bf4 1-0